[Event "Uljanovsk-ch"]
[Site "Uljanovsk"]
[Date "2009.03.17"]
[Round "4"]
[White "Anikin, Victor"]
[Black "Loboda, Nikolay"]
[Result "0-1"]
[WhiteElo "1881"]
[BlackElo "2057"]
[PlyCount "68"]
[EventDate "2009.03.14"]
[EventType "swiss"]
[EventRounds "9"]
[EventCountry "RUS"]
[SourceTitle "EXT 2010"]
[Source "ChessBase"]
[SourceDate "2010.11.25"]
[SourceVersion "1"]
[SourceVersionDate "2010.11.25"]
[SourceQuality "1"]

1. Nf3 Nf6 2. c4 g6 3. Nc3 Bg7 4. d4 d5 5. e3 0-0 6. Bd3 dxc4 7. Bxc4 c5 8. Qb3 cxd4 9. Nxd4 e5 10. Nf3 Nc6 11. Be2 a6 12. 0-0 b5 13. Rd1 Qe7 14. Nd5 Nxd5 15. Qxd5 Bb7 16. Qd7 Rad8 17. Qxe7 Nxe7 18. a4 Bc6 19. axb5 Bxb5 20. Rxd8 Rxd8 21. Bxb5 axb5 22. Bd2 e4 23. Nd4 Nf5 24. Ba5 Ra8 25. Nxb5 Bxb2 26. Ra2 Be5 27. g3 Ne7 28. Ra3 Nc6 29. Bb4 Rb8 30. Bd6 Rxb5 31. Ra8+ Kg7 32. Bf8+ Kf6 33. Ra6 Rb1+ 34. Kg2 Rc1 0-1

[Event "Uljanovsk Volga Region-ch"]
[Site "Uljanovsk"]
[Date "2008.12.13"]
[Round "11"]
[White "Gusakov, Vitaly Semenovich"]
[Black "Loboda, Nikolay"]
[Result "1-0"]
[WhiteElo "2259"]
[BlackElo "2086"]
[PlyCount "61"]
[EventDate "2008.12.05"]
[EventType "tourn"]
[EventRounds "11"]
[EventCountry "RUS"]
[SourceTitle "EXT 2022"]
[Source "ChessBase"]
[SourceDate "2021.10.06"]
[SourceVersion "1"]
[SourceVersionDate "2021.10.06"]
[SourceQuality "1"]

1. e4 c5 2. Nf3 Nc6 3. g3 g6 4. Bg2 Bg7 5. 0-0 Nf6 6. d3 d5 7. Nbd2 dxe4 8. dxe4 0-0 9. h3 Nh5 10. Re1 Qc7 11. c3 Nxg3 12. fxg3 Qxg3 13. Nf1 Qc7 14. Qe2 Bd7 15. e5 Rad8 16. Bf4 Qb6 17. Ne3 e6 18. Ng4 Ne7 19. Bg5 c4+ 20. Kh2 Qc5 21. Nf6+ Bxf6 22. Bxf6 Bc6 23. Nd4 Rd7 24. Qe3 Nf5 25. Nxf5 Qxe3 26. Nxe3 Rd2 27. b3 b5 28. Kg3 Bxg2 29. Nxg2 cxb3 30. axb3 Rc8 31. Re3 1-0

[Event "Uljanovsk Volga Region-ch"]
[Site "Uljanovsk"]
[Date "2008.12.12"]
[Round "10"]
[White "Loboda, Nikolay"]
[Black "Markin, Igor"]
[Result "0-1"]
[WhiteElo "2086"]
[BlackElo "2199"]
[PlyCount "98"]
[EventDate "2008.12.05"]
[EventType "tourn"]
[EventRounds "11"]
[EventCountry "RUS"]
[SourceTitle "EXT 2022"]
[Source "ChessBase"]
[SourceDate "2021.10.06"]
[SourceVersion "1"]
[SourceVersionDate "2021.10.06"]
[SourceQuality "1"]

1. d4 f5 2. Nf3 Nf6 3. Bg5 Ne4 4. Bf4 d6 5. Ng5 Nf6 6. Nf3 g6 7. c3 Bg7 8. Qb3 e6 9. Bc1 0-0 10. e3 Kh8 11. Ng5 Qe7 12. a4 Nc6 13. a5 a6 14. Be2 h6 15. Nf3 e5 16. dxe5 dxe5 17. 0-0 e4 18. Nd4 Ne5 19. f4 exf3 20. gxf3 c5 21. Nc2 Be6 22. Qa4 g5 23. Ne1 Ng6 24. Bc4 Bd7 25. Qc2 Nh4 26. Ng2 Nxg2 27. Qxg2 Bc6 28. Qe2 Rae8 29. b4 Nd5 30. Bxd5 Bxd5 31. bxc5 Qe6 32. Ra4 Bc6 33. Rb4 Bb5 34. c4 Bc6 35. Rd1 Qe5 36. Bb2 Qxe3+ 37. Qxe3 Rxe3 38. Bxg7+ Kxg7 39. Rf1 Bxf3 40. Rxf3 Rxf3 41. Rxb7+ Rf7 42. Rb6 Rc7 43. c6 Rd3 44. c5 Kf6 45. Rxa6 Rd1+ 46. Kf2 Rxb1 47. Ke3 Ke5 48. Rb6 Ra1 49. a6 Ra3+ 0-1

[Event "Uljanovsk Volga Region-ch"]
[Site "Uljanovsk"]
[Date "2008.12.06"]
[Round "3"]
[White "Loboda, Nikolay"]
[Black "Saveliev, Dmitri"]
[Result "0-1"]
[WhiteElo "2086"]
[BlackElo "2161"]
[PlyCount "104"]
[EventDate "2008.12.05"]
[EventType "tourn"]
[EventRounds "11"]
[EventCountry "RUS"]
[SourceTitle "EXT 2022"]
[Source "ChessBase"]
[SourceDate "2021.10.06"]
[SourceVersion "1"]
[SourceVersionDate "2021.10.06"]
[SourceQuality "1"]

1. d4 e6 2. e4 d5 3. Nc3 Nf6 4. e5 Nfd7 5. f4 c5 6. Nf3 Nc6 7. Be3 cxd4 8. Nxd4 Bc5 9. Qd2 Nxd4 10. Bxd4 Bxd4 11. Qxd4 Qb6 12. Nb5 Qxd4 13. Nxd4 a6 14. 0-0-0 Nb8 15. Bd3 Nc6 16. c3 Bd7 17. Kd2 Ke7 18. Rhf1 g6 19. Rc1 Raf8 20. Nb3 f6 21. exf6+ Rxf6 22. Nc5 Bc8 23. Rce1 Kd6 24. Nb3 Rhf8 25. g3 e5 26. fxe5+ Nxe5 27. Rxf6+ Rxf6 28. Nd4 Bh3 29. Ke2 Ng4 30. Kd2 Ne5 31. Be2 Rf2 32. Ke3 Rxh2 33. Kf4 Rf2+ 34. Kg5 Nf7+ 35. Kh4 Bd7 36. g4 Rf4 37. Kg3 Re4 38. Rf1 Ne5 39. Rf6+ Ke7 40. Rf4 g5 41. Rxe4 dxe4 42. Nc2 Be6 43. b3 Nd3 44. Nd4 Nc1 45. Bd1 Nxa2 46. Ne2 Kd6 47. Bc2 Ke5 48. c4 Nb4 49. Bd1 a5 50. Nc3 Kd4 51. Nxe4 Kxe4 52. Bf3+ Ke5 0-1

[Event "Uljanovsk Volga Region-ch"]
[Site "Uljanovsk"]
[Date "2008.12.06"]
[Round "2"]
[White "Olisov, Andrey"]
[Black "Loboda, Nikolay"]
[Result "1-0"]
[WhiteElo "2048"]
[BlackElo "2086"]
[PlyCount "87"]
[EventDate "2008.12.05"]
[EventType "tourn"]
[EventRounds "11"]
[EventCountry "RUS"]
[SourceTitle "EXT 2022"]
[Source "ChessBase"]
[SourceDate "2021.10.06"]
[SourceVersion "1"]
[SourceVersionDate "2021.10.06"]
[SourceQuality "1"]

1. Nf3 c5 2. g3 Nc6 3. Bg2 g6 4. 0-0 Bg7 5. d3 Nf6 6. Nbd2 0-0 7. Re1 d6 8. e4 Qc7 9. Nf1 Bd7 10. Ne3 Rae8 11. c3 e6 12. Nd2 b5 13. f4 b4 14. c4 Nd4 15. Nf3 a5 16. Nxd4 cxd4 17. Nf1 e5 18. Bd2 Bg4 19. Bf3 Bd7 20. g4 Bc6 21. f5 Nd7 22. Ng3 Nc5 23. Qe2 f6 24. h4 Rb8 25. Kh2 Kh8 26. Rg1 Na4 27. Rab1 Qf7 28. Qg2 Nc5 29. Be2 Rg8 30. Rbf1 Bf8 31. g5 Be7 32. fxg6 Rxg6 33. Qh3 Bd7 34. Nf5 Rbg8 35. h5 Rxg5 36. Bxg5 Rxg5 37. Rxg5 fxg5 38. Bg4 Qe8 39. Nh6 Bxg4 40. Qxg4 Nxd3 41. Nf7+ Kg7 42. Nxg5 Bf6 43. Ne6+ Kf7 44. Qg7+ 1-0

[Event "Uljanovsk Volga Region-ch"]
[Site "Uljanovsk"]
[Date "2008.12.05"]
[Round "1"]
[White "Loboda, Nikolay"]
[Black "Trushnikov, Viacheslav"]
[Result "1/2-1/2"]
[WhiteElo "2086"]
[BlackElo "1981"]
[PlyCount "68"]
[EventDate "2008.12.05"]
[EventType "tourn"]
[EventRounds "11"]
[EventCountry "RUS"]
[SourceTitle "EXT 2022"]
[Source "ChessBase"]
[SourceDate "2021.10.06"]
[SourceVersion "1"]
[SourceVersionDate "2021.10.06"]
[SourceQuality "1"]

1. d4 Nf6 2. Nf3 d5 3. Bf4 g6 4. c3 Bg7 5. e3 0-0 6. Bd3 Re8 7. 0-0 Nbd7 8. Nbd2 Nh5 9. Ne5 Nxf4 10. exf4 f6 11. Nxg6 hxg6 12. Bxg6 Nf8 13. Bxe8 Qxe8 14. Qf3 c6 15. f5 Qd7 16. Rae1 Qxf5 17. Rxe7 Qxf3 18. Nxf3 Bd7 19. Rfe1 Rd8 20. Nh4 Bh6 21. f3 Bg5 22. g3 Bxh4 23. gxh4 Ng6 24. R7e3 Nxh4 25. Kf2 Kf7 26. Re7+ Kg6 27. Rg1+ Kf5 28. Rgg7 Bc8 29. Rh7 Ng6 30. Rh5+ Kf4 31. Rg7 Bf5 32. Rh6 Kg5 33. Rhh7 Kf4 34. Rh6 Kg5 1/2-1/2

[Event "Uljanovsk-ch sf"]
[Site "Uljanovsk"]
[Date "2007.02.18"]
[Round "9"]
[White "Fazlutdinov, Niyz"]
[Black "Loboda, Nikolay"]
[Result "1-0"]
[WhiteElo "2031"]
[BlackElo "2088"]
[PlyCount "115"]
[EventDate "2007.02.10"]
[EventType "swiss"]
[EventRounds "9"]
[EventCountry "RUS"]
[SourceTitle "EXT 2019"]
[Source "ChessBase"]
[SourceDate "2018.10.10"]
[SourceVersion "1"]
[SourceVersionDate "2018.10.10"]
[SourceQuality "1"]

1. d4 d5 2. c4 e6 3. Nf3 f5 4. g3 Nf6 5. Bg2 c6 6. Nc3 Bd6 7. 0-0 0-0 8. Bg5 Qe8 9. Qc2 Qh5 10. Bxf6 Rxf6 11. cxd5 exd5 12. Nxd5 Rf8 13. Nf4 Qf7 14. Ne5 Qe7 15. Nfd3 Nd7 16. f4 Nf6 17. a3 Be6 18. Nc5 Bd5 19. b4 b6 20. Ncd3 Ne4 21. Nxc6 Qb7 22. b5 Rac8 23. Nde5 Bxe5 24. fxe5 Bxc6 25. bxc6 Rxc6 26. Bxe4 fxe4 27. Qb3+ Rf7 28. Rf4 g5 29. Rf5 h6 30. Raf1 Rcc7 31. Rxf7 Rxf7 32. Rxf7 Qxf7 33. Qxf7+ Kxf7 34. Kf2 Ke6 35. Ke3 Kd5 36. Kd2 b5 37. Kc3 a5 38. g4 Ke6 39. a4 b4+ 40. Kc4 Kd7 41. d5 Ke7 42. Kd4 Kd7 43. Kxe4 Ke7 44. Kd4 Kd7 45. Kc4 Ke7 46. e4 Kd7 47. e6+ Kd6 48. e5+ Ke7 49. Kd4 Kd8 50. d6 Ke8 51. e7 Kf7 52. Kd3 Ke8 53. Kc2 Kd7 54. Kb1 Ke8 55. e6 b3 56. Kb2 h5 57. gxh5 g4 58. d7+ 1-0

[Event "Uljanovsk U18"]
[Site "Uljanovsk"]
[Date "2006.12.27"]
[Round "11"]
[White "Loboda, Nikolay"]
[Black "Kolosov, Anatoly G1111"]
[Result "0-1"]
[WhiteElo "2088"]
[BlackElo "2035"]
[PlyCount "66"]
[EventDate "2006.12.18"]
[EventType "tourn"]
[EventRounds "11"]
[EventCountry "RUS"]
[SourceTitle "EXT 2019"]
[Source "ChessBase"]
[SourceDate "2018.10.10"]
[SourceVersion "1"]
[SourceVersionDate "2018.10.10"]
[SourceQuality "1"]

1. e4 Nf6 2. e5 Nd5 3. c4 Nb6 4. c5 Nd5 5. Nc3 Nxc3 6. bxc3 d5 7. d4 c6 8. f4 Bf5 9. Nf3 e6 10. Bd3 Bxd3 11. Qxd3 Be7 12. 0-0 0-0 13. f5 exf5 14. Qxf5 Qd7 15. Qh5 b6 16. cxb6 axb6 17. Bg5 c5 18. e6 fxe6 19. Ne5 g6 20. Qh3 Qd6 21. Rxf8+ Bxf8 22. Rf1 Ra7 23. Rf6 cxd4 24. Rxe6 Qc5 25. Re8 dxc3+ 26. Be3 c2 27. Qe6+ Kg7 28. Nd3 c1Q+ 29. Nxc1 Qc3 30. Rxf8 Kxf8 31. Bh6+ Rg7 32. Qd6+ Kf7 33. Qxd5+ Ke8 0-1